000 01694nam a2200265Ia 4500
999 _c49631
_d49631
001 16563
003 GE_BSU
005 20250211120038.0
008 181216s||||||||xx |||||||||||||| ||und||
020 _a9789941240454
040 _cGE_BSU
080 _a27-36 წ-71
245 _aწმინდა დედანი /
_cშემდგენელი მანანა ტუაევა ; გარეკანის დიზაინი ეთერ გზირიშვილი.
264 _aთბილისი :
_bპალიტრა L,
_c2015.
300 _a208 გვ. ;
_c20 სმ.
490 _aსაქართველოს იმედი II : ყველა წმინდანი, რომელთა შესახებაც უნდა იცოდე / პროექტის რედაქტორი თამარ მამაცაშვილი.
_vწიგნი 27
500 _aიბეჭდება სრულიად საქართველოს კათოლიკოს-პატრიარქის, უწმინდესისა და უნეტარესის ილია II-ის ლოცვა-კურთხევით
541 _h2ლ.
653 _aრელიგია
653 _aწმინდა დედანი
700 _aტუაევა, მანანა
_eშემდგენელი
_922759
700 _aმამაცაშვილი, თამარ
_eპროექტის რედაქტორი
_924318
700 _aგზირიშვილი, ეთერ
_eგარეკანის დიზაინერი
_924319
942 _cBK
_2udc